| 000 | 00408nam a22001337a 4500 | ||
|---|---|---|---|
| 020 | _qPB. | ||
| 040 | _cFizza Ishaq | ||
| 082 |
_a942.055 _bKIN |
||
| 100 |
_aKinney, F. Arthur. _9133556 |
||
| 245 |
_aElizabethan Backgrounds: Historical Documents of the Age of Elizabeth I / _cArthur F. Kinney. |
||
| 260 |
_aNew York : _bArchon Books, _c1990. |
||
| 300 |
_a412 p. ; _c6.25 x 1 x 9.25 inches |
||
| 942 |
_2ddc _cBK |
||
| 999 |
_c616487 _d616487 |
||